00549nam a2200169Ia 4500008004100000020001800041041000800059082001600067100001700083245003800100250000600138260004000144300001200184650003400196999001900230952013000249210716s2013 xx 000 0 und d a9788173718229 aeng a005.13 KISR aKishor, S B. aProgramming logic and techniques. a1 aNew DelhibUniversities Pressc2013 avii,190 aProgramming Languages(005.13) c193376d193376 001040708MCAaAIMITbAIMITeKnowledge Worldg155.00l0o005.13 KISRpMCA12884r2025-07-21 00:00:00v116.25w2021-07-16yBK